The Hunter COTW all animals - Statistics

General Stats
  • This quiz has been taken 179 times
  • The average score is 80 of 177
Answer Stats
Hint Answer % Correct
Layton Lake District | Mississippi Acres Preserve | New England Mountains | +2 others Whitetail Deer
89%
Cuatro Colinas Game Reserve | Emerald Coast | Hirshfelden | +2 others Red Deer
87%
Layton Lake District | Medved-Taiga National Park | New England Mountains | +2 others Moose
82%
Layton Lake District | Mississippi Acres Preserve | New England Mountains | Silver Ridge Peaks Black Bear
81%
Emerald Coast | Hirshfelden | New England Mountains | +2 others Red Fox
76%
Emerald Coast | Hirshfelden | Te Awaroa National Park Fallow Deer
73%
Layton Lake District Blacktail Deer
71%
Cuatro Colinas Game Reserve | Hirshfelden Roe Deer
69%
Hirshfelden | Revontuli Coast | Yukon Valley Nature Reserve Canada Goose
67%
Vurhonga Savanna Lion
67%
Medved-Taiga National Park | Yukon Valley Nature Reserve Grey Wolf
64%
Layton Lake District | New England Mountains | Revontuli Coast | +2 others Mallard
64%
Parque Fernando | Rancho del Arroyo | Silver Ridge Peaks Mule Deer
63%
Hirshfelden European Bison
61%
Yukon Valley Nature Reserve Grizzly Bear
60%
Hirshfelden | Medved-Taiga National Park Wild Boar
60%
Cuatro Colinas Game Reserve Wild boar
60%
Layton Lake District | New England Mountains | Rancho del Arroyo Coyote
58%
Layton Lake District Roosevelt Elk
56%
Vurhonga Savanna Cape Buffalo
54%
Silver Ridge Peaks | Yukon Valley Nature Reserve Plains Bison
54%
Parque Fernando Puma
51%
Cuatro Colinas Game Reserve | Hirshfelden | New England Mountains | +2 others Ring-Necked Pheasant
51%
Parque Fernando | Sundarpatan Water Buffalo
51%
Sundarpatan Bengal Tiger
49%
Emerald Coast | Te Awaroa National Park Feral Pig
49%
Layton Lake District | Silver Ridge Peaks | Te Awaroa National Park Merriam Turkey
49%
Silver Ridge Peaks Mountain Lion
49%
Silver Ridge Peaks Rocky Mountain Elk
49%
Vurhonga Savanna Springbok
49%
Emerald Coast Saltwater Crocodile
48%
Emerald Coast | Te Awaroa National Park Feral Goat
47%
Silver Ridge Peaks Mountain Goat
47%
Mississippi Acres Preserve | New England Mountains Grey Fox
46%
Mississippi Acres Preserve American Alligator
45%
Rancho del Arroyo | Silver Ridge Peaks Bighorn Sheep
45%
Mississippi Acres Preserve Common Raccoon
45%
Yukon Valley Nature Reserve Caribou
44%
Vurhonga Savanna Gemsbok
44%
Rancho del Arroyo | Silver Ridge Peaks Pronghorn
44%
Medved-Taiga National Park Reindeer
44%
Cuatro Colinas Game Reserve Iberian Wolf
43%
Emerald Coast | Parque Fernando Axis Deer
40%
New England Mountains Bobcat
38%
Medved-Taiga National Park | Revontuli Coast Eurasian Lynx
38%
Revontuli Coast | Salzwiesen Park Raccoon Dog
38%
Emerald Coast Sambar
38%
Revontuli Coast | Salzwiesen Park Black Grouse
36%
Vurhonga Savanna Lesser Kudu
36%
Parque Fernando | Sundarpatan Blackbuck
35%
Te Awaroa National Park Sika Deer
34%
Sundarpatan Tahr
34%
Mississippi Acres Preserve Wild Hog
34%
Hirshfelden | Salzwiesen Park | Te Awaroa National Park European Rabbit
33%
Vurhonga Savanna Side-Striped Jackal
33%
Emerald Coast Banteng
31%
Vurhonga Savanna Blue Wildebeast
31%
Emerald Coast Eastern Gray Kangaroo
31%
Cuatro Colinas Game Reserve European Hare
31%
Yukon Valley Nature Reserve Harlequin Duck
31%
Sundarpatan Snow Leopard
31%
Vurhonga Savanna Warthog
31%
Parque Fernando Cinnamon Teal
30%
Revontuli Coast Eurasian Widgeon
30%
Revontuli Coast | Salzwiesen Park | Sundarpatan Greylag Goose
30%
Rancho del Arroyo Mexican Bobcat
30%
Layton Lake District White-tailed Jackrabbit
30%
New England Mountains | Salzwiesen Park Common Raccoon
29%
Emerald Coast Hog Deer
29%
Cuatro Colinas Game Reserve Iberian Mouflon
29%
Revontuli Coast | Salzwiesen Park Tundra Bean Goose
29%
New England Mountains | Revontuli Coast | Salzwiesen Park Goldeneye
28%
Vurhonga Savanna Scrub Hare
28%
Parque Fernando | Rancho del Arroyo Collared Peccary
27%
Medved-Taiga National Park | Revontuli Coast Eurasian Brown Bear
27%
Rancho del Arroyo Rio Grande Turkey
27%
Medved-Taiga National Park Siberian Musk Deer
27%
Medved-Taiga National Park | Revontuli Coast Western Capercaillie
27%
Sundarpatan Wild Yak
27%
Cuatro Colinas Game Reserve Beceite Ibex
26%
Sundarpatan Blue Sheep
25%
Mississippi Acres Preserve | New England Mountains Bobwhite Quail
25%
Mississippi Acres Preserve | New England Mountains Eastern Wild Turkey
25%
Revontuli Coast | Salzwiesen Park Eurasian Teal
25%
Revontuli Coast Hazel Grouse
25%
Sundarpatan Nilgai
25%
Emerald Coast Stubble Quail
25%
Revontuli Coast | Salzwiesen Park Tufted Duck
25%
Salzwiesen Park | Vurhonga Savanna Eurasian Wigeon
24%
Revontuli Coast Rock Ptarmigan
24%
Sundarpatan Tibetan Fox
24%
Revontuli Coast Willow Ptarmigan
24%
Rancho del Arroyo Antelope Jackrabbit
22%
Sundarpatan Barasingha
22%
Mississippi Acres Preserve | New England Mountains Green Winged Teal
22%
Emerald Coast Javan Rusa
22%
Cuatro Colinas Game Reserve Southeastern Spanish Ibex
22%
Cuatro Colinas Game Reserve Ronda Ibex
21%
Te Awaroa National Park Chamois
20%
Cuatro Colinas Game Reserve Gredos Ibex
20%
Revontuli Coast Mountain Hare
20%
Mississippi Acres Preserve | New England Mountains Eastern Cottontail Rabbit
19%
Emerald Coast Magpie Goose
18%
Sundarpatan Northern Red Muntjac
17%
Salzwiesen Park Ferruginous Duck
16%
Salzwiesen Park Gadwall
15%
Sundarpatan Wooly Hare
12%
No matching quizzes found
Score Distribution
Percent of People with Each Score
Percentile by Number Answered
Your Score History
You have not taken this quiz